ბათუმის შოთა რუსთაველის სახელმწიფო უნივერსიტეტის ბიბლიოთეკა

საქართველოს ისტორიის პალიტრა : (ბიბ.ჩანაწერი № 61785)

000 -ლიდერი
ფიქსირებული სიგრძის საკონტროლო ველი 02007nam a22002417a 4500
003 - საკონტროლო ნომრის იდენტიფიკატორი
საკონტროლო ველი Ge_BSU
005 - ბოლო ოპერაციის თარიღი და დრო
საკონტროლო ველი 20240513114339.0
008 - ფიქსირებული სიგრძის მონაცემთა ელემენტები - ზოგადი ინფორმაცია
ფიქსირებული სიგრძის საკონტროლო ველი 240513s2022 ge ||||| |||| 00| 0 geo d
020 ## - წიგნის საერთაშორისო სტანდარტული ნომერი
International Standard Book Number 9789941351020 / 9789941350429
041 ## - ენის კოდი
Language code of text/sound track or separate title geo
080 ## - უნივერსალური ათობითი კლასიფიკაციის ინდექსი
Universal Decimal Classification number 008+94(479.22)+392(=353.1)შ-93
245 ## - ცნობა სათაურის შესახებ
Title საქართველოს ისტორიის პალიტრა :
Remainder of title 15 ტომეული. ტომი 3 : შუა საუკუნეების ქართული ხალხური კულტურა : წეს-ჩვეულებები, ტრადიციები /
Statement of responsibility, etc ავტორები: როლანდ თოფჩიშვილი, გიორგი გოცირიძე, როზეტა გუჯეჯიანი [და სხვა] ; როლანდ თოფჩიშვილის საერთო რედაქციით ; პროექტის ხელმძღვანელი ჯაბა სამუშია ; სარედაქციო ჯგუფი: გელა გურგენიძე, ნესტან მაღალაშვილი, თამარ ჯანთიშვილი [და სხვა].
264 ## - წარმოების, გამოცემის, დისტრიბუციის და სხვა ცნობები
გამოცემის, წარმოების, დისტრიბუციის... ადგილი თბილისი :
გამოცემის, წარმოების, დისტრიბუციის... სახელწოდება პალიტრა L,
გამოცემის, წარმოების, დისტრიბუციის... თარიღი 2022.
300 ## - ფიზიკური აღწერა
Extent 476 გვ. ;
Other physical details 23 სმ.
504 ## - BIBLIOGRAPHY, ETC. NOTE
Bibliography, etc ბიბლიოგრაფია: გვ. 450-474.
653 ## - INDEX TERM--UNCONTROLLED
Uncontrolled term შუა საუკუნეების ქართული ხალხური კულტურა
653 ## - INDEX TERM--UNCONTROLLED
Uncontrolled term წეს-ჩვეულებები, ტრადიციები
653 ## - INDEX TERM--UNCONTROLLED
Uncontrolled term საქართველოს ისტორია
653 ## - INDEX TERM--UNCONTROLLED
Uncontrolled term საქართველოს ქართული ხალხური კულტურა
700 ## - ADDED ENTRY--PERSONAL NAME
Personal name თოფჩიშვილი, როლანდ
9 (RLIN) 22053
700 ## - ADDED ENTRY--PERSONAL NAME
Personal name გოცირიძე, გიორგი
Relator term და სხვ.
9 (RLIN) 5520
942 ## - ADDED ENTRY ELEMENTS (KOHA)
Source of classification or shelving scheme
Koha item type წიგნი
ეგზემპლარები
ჩამოწერის სტატუსი დაკარგული ეგზემპლარის სტატუსი კლასიფიკაციის წყარო ან თაროზე გაწყობის სქემა დაზიანების სტატუსი არ გაიცემა მუდმივი მდებარეობა (დაცვის ადგილი) ამჟამინდელი ადგილსამყოფელი თაროზე განთავსების ადგილი შეძენის თარიღი ღირებულება, შესყიდვის ნორმალური ფასი სრული შენახვის შიფრი შტრიხკოდი ბოლო ოპერაციის თარიღი ეგზემპლარის მიმდევრობითი ნომერი (კეტერი?) ფასის ძალაში შესვლის თარიღი ეგზემპლარის სახეობა საჯარო შენიშვნა
          ბათუმის შოთა რუსთაველის სახელმწიფო უნივერსიტეტის მთავარი ბიბლიოთეკა ბათუმის შოთა რუსთაველის სახელმწიფო უნივერსიტეტის მთავარი ბიბლიოთეკა წიგნსაცავი 2024-05-13 18.00 008+94(479.22)+392(=353.1)შ-93 65873 2024-05-13 65873 2024-05-13 წიგნი 18ლ.50თ.
          ბათუმის შოთა რუსთაველის სახელმწიფო უნივერსიტეტის მთავარი ბიბლიოთეკა ბათუმის შოთა რუსთაველის სახელმწიფო უნივერსიტეტის მთავარი ბიბლიოთეკა წიგნსაცავი 2024-05-13 18.00 008+94(479.22)+392(=353.1)შ-93 65874 2024-05-13 65874 2024-05-13 წიგნი 18ლ.50თ.
          ბათუმის შოთა რუსთაველის სახელმწიფო უნივერსიტეტის მთავარი ბიბლიოთეკა ბათუმის შოთა რუსთაველის სახელმწიფო უნივერსიტეტის მთავარი ბიბლიოთეკა წიგნსაცავი 2024-05-13 18.00 008+94(479.22)+392(=353.1)შ-93 65875 2024-05-13 65875 2024-05-13 წიგნი 18ლ.50თ.